1924 1092 1290 1876 1862 1715 1348 1132 1532 1986 1176 1051 1023 1477 1729 1614 1421 1428 1786 1578 1787 1645 1128 1340 1419 1012 1104 1969 1919 1888 1901 1299 1209 1033 1030 1643 1905 1952 1065 1693 1616 1081 1770 1849 1496 1335 1238 1719 1362 1443 1365 1208 1373 1302 1452 1925 1702 1789 1057 1159 1373 1951 1129 1059 1422 1883 1588 1056 1252 1401 1355 1772 1332 1528 1197 1944 1182 1183 1563 1803 1745 1772 1778 1295 1188 1734 1021 1600 1066 1745 1816 1836 1582 1309 1261 1129 1798 1339 1731 BCNSPRNW ULIB Ver.6.0+V

เปลี่ยนเป็นภาษาไทย

Change to English
 แสดงรายละเอียดบรรณานุกรม
  กลับหน้าหลัก

Brief Record : Get Marc (ISO 2709) : E-mail record : QR code < ปิดหน้าต่าง
LEADER : 00000nam 2200000uu 4500
001    13399123915
003     ULIB
008    141214s2556||||th 000 0 tha d
020    ^a9786165086677
060  4 ^aWD300^bส831ร
100 0  ^aสุพัตรา
245 00 ^aโรคแพ้ตึก ภัยเงียบจากในอาคาร/^cสุพัตรา
260    ^aกรุงเทพฯ :^bแสงดาว,^c2556.
300    ^a144 หน้า :^bภาพประกอบ ;^c21 ซม.
650  0 ^aโรคภูมิแพ้
945    ^p110^l0^i22609
945    ^p110^l0^i22610
945    ^p110^l0^i22611
999    ^aทศพร เกษรทอง
รายการนี้ยังไม่มีแท็ก
คุณยังไม่ได้ล็อกอิน คุณสามารถมีกิจกรรมร่วมกับเว็บไซต์ได้ แต่ต้องล็อกอินก่อน ::
  ล็อกอิน

รายการสื่อสารสนเทศ

ลำดับที่ ประเภท เลขเรียก/บาร์โค้ด สถานที่ สถานะ
1. วิทยาศาสตร์การแพทย์ และสุขภาพ
หนังสือสำรอง
สถานะ=หนังสือสำรอง
WD300 ส831ร ฉ.1 
  Barcode: 22609
ห้องสมุดวิทยาเขตนครสวรรค์
►หนังสือทั่วไป:l:General Books
บนชั้น
2. วิทยาศาสตร์การแพทย์ และสุขภาพ
วิทยาศาสตร์การแพทย์ และสุขภาพ
WD300 ส831ร ฉ.2 
  Barcode: 22610
ห้องสมุดวิทยาเขตนครสวรรค์
►หนังสือทั่วไป:l:General Books
บนชั้น
3. วิทยาศาสตร์การแพทย์ และสุขภาพ
วิทยาศาสตร์การแพทย์ และสุขภาพ
WD300 ส831ร ฉ.3 
  Barcode: 22611
ห้องสมุดวิทยาเขตนครสวรรค์
►หนังสือทั่วไป:l:General Books
บนชั้น

รายการใกล้เคียง
    ผู้แต่ง [สุพัตรา]

    หัวเรื่อง [โรคภูมิแพ้]

BibComment


ยังไม่เคยถูกคอมเมนท์

คอมเมนท์ทรัพยากรรายการนี้
  คอมเมนท์: โรคแพ้ตึก ภัยเงี..


 Copyright 2026. Bcnsprnw @Library